000 00601nam a22001811i 4500
001 15076
090 _a15076
010 _a9789896720148
100 _a20170304u u u0frey50 ba
101 0 _apor
200 1 _fMarta Gautier
_aNão há famílias perfeitas
_emulheres, mães e desabafos
215 _a251 p.
_d23 cm
300 _aPrefácio de Marcelo Rebelo de Sousa
702 1 _aSousa
_bMarcelo Rebelo de
_4080
_92526
700 1 _aGautier
_bMarta
_4070
210 _cObjectiva
_aCarnaxide
_d2009
996 _f0018341
_kGAU
_m00000000
_n00000000
_aBMVA
_b2
_vViana do Alentejo
_xPsicologia
_y25
_eLivro
_10
_31
990 _cLIVROS